Statistics for SAT Vocabulary Words Starting With B

Click here to take the quiz!

General Stats

  • This quiz has been taken 9,522 times
  • The average score is 11 of 15

Answer Stats

QuestionAnswer% Correct
Bane (noun)A cause of misery or affliction
92%
Benevolent (adjective)Altruistic and kind
92%
Bohemian (noun)One who lives an uncoventional, artistic lifestyle
92%
Beckon (verb)To make a gesture that someone should come to you
92%
Bourgeois (adjective)Related to the upper middle class
90%
Behemoth (noun)An enormous creature
89%
Barren (adjective)Infertile
89%
Brandish (verb)To swing a weapon back and forth
80%
Bedlam (noun)Uproar and confusion
77%
Blithe (adjective)Indifferent or careless
72%
Blandishment (noun)A flattering statement meant to persuade
60%
Bucolic (adjective)Rustic in a good way
57%
Bellicose (adjective)Warlike
57%
Bowdlerize (verb)To remove offensive parts of a text
36%
Baleful (adjective)Ominous; portending doom
31%

Score Distribution

Percentile by Number Answered

Percent of People with Each Score

Your Score History

You have not taken this quiz